000 00764nas a2200253 4500
001 BR0402867
003 BR-BrBNA
005 20231205104611.0
007 ta
008 230509b bl.|||p| |||| 00| 00por d
040 _aBR-BrBNA
_bpor
_cBiblioteca Nacional de Agricultura
041 _a(Pt)
072 _aK10; N20
100 1 _aSant'Anna, C. de M.
100 1 _aMalinovski, J.R.
245 1 _aEstudo de tempos e movimentos no corte de eucalipto com motosserra em Minas Gerais
650 _aEUCALIPTO
650 _aCORTE
650 _aSERRA ELÉTRICA
650 _aMINAS GERAIS
773 0 _tRevista Árvore (Brazil)
_xISSN 0100-6762
_g(Apr-Jun 2001), v. 25(2) p. 241-244
_wBR0402867
909 _a202311
_bLúcia
_c55
_dLúcia Elande
942 _2AGRIS
_n0
_cANA
999 _c178902
_d178902